Body Systems - Endocrine - Statistics

General Stats
  • This quiz has been taken 73 times
  • The average score is 5 of 9
Answer Stats
Answer % Correct
Thyroid
84%
Pancreas
73%
Testes | Testicles
63%
Ovaries
59%
Pituitary Gland
59%
Thymus
54%
Pineal Gland
41%
Kidneys
25%
Hippothalamus
3%
No matching quizzes found
Score Distribution
Percent of People with Each Score
Percentile by Number Answered
Your Score History
You have not taken this quiz